000 01041cab a22002295a 4500
001 L148920
008 091024s2009 xxk f g 000 0 eng d
035 _a(Sirsi) u148920
041 0 _aeng
100 1 _aMurdoch, John
245 0 0 _aFairness and plain language are key
260 _c2009
490 _aEstates Gazette
_v(0942) 24 October 2009, 175(1)
520 _aCommentary on a court's judgment in the case "Office of Fair Trading v Foxtons Limited" [2009] EHWC 1681 (Ch). Explains that unfair terms of contracts can be removed from consumer contracts and contract terms must be written in plain and intelligible language. Other related records can be found by searching "Office Of Fair Trading v Foxtons Ltd" as a subject in the catalogue.
590 _aKA
650 2 4 _aOFFICE OF FAIR TRADING V FOXTONS LTD
650 2 4 _aUNFAIR TERMS IN CONSUMER CONTRACTS 1999
651 4 _aEngland and Wales
_y1543-
690 _aMANAGEMENT-PROJECT MANAGEMENT-CONTRACT ADMINISTRATION
690 _aLandlord and tenant
_96252
942 _n0
999 _c82004
_d82004